Вып. 26; Гидропривод и гидропневмоавтоматика

Dades bibliogràfiques
Parent link:Гидропривод и гидропневмоавтоматика: республиканский межведомственный научно-технический сборник/ под ред. О. М. Яхно. Вып. 26.— , 1965-1991
Idioma:rus
Publicat: 1990
Matèries:
Format: MixedMaterials Llibre
KOHA link:https://koha.lib.tpu.ru/cgi-bin/koha/opac-detail.pl?biblionumber=239946

MARC

LEADER 00000nam2a2200000 4500
001 239946
005 20231101231717.0
035 |a (RuTPU)RU\TPU\book\261190 
090 |a 239946 
100 |a 20130617d1990 k y0rusy50 ca 
101 0 |a rus 
102 |a UA 
105 |a a z 001zy 
200 0 |a Вып. 26 
210 |d 1990 
215 |a 124 с.  |c ил. 
320 |a Библиогр. в конце ст. 
461 1 |0 (RuTPU)RU\TPU\book\158879  |t Гидропривод и гидропневмоавтоматика  |o республиканский межведомственный научно-технический сборник  |f под ред. О. М. Яхно  |v Вып. 26  |d 1965-1991 
606 1 |a Гидравлические приводы  |2 stltpush  |3 (RuTPU)RU\TPU\subj\6501  |9 34377 
606 1 |a Гидропневмоавтоматика  |2 stltpush  |3 (RuTPU)RU\TPU\subj\6787  |9 34587 
610 1 |a применение 
610 1 |a расчеты 
610 1 |a гидросистемы 
610 1 |a управление 
610 1 |a гидроавтоматика 
610 1 |a гидроцилиндры 
675 |a 62-82  |v 3 
675 |a 681.523  |v 3 
801 1 |a RU  |b 63413507  |c 20130617 
801 2 |a RU  |b 63413507  |c 20130902  |g RCR 
942 |c BK